الوضع القانونى لقوات حفظ السلام الدولى ف{u٠٦أأ} ظل التنظيم الدولي المعاصر / (Record no. 59616)
[ view plain ]
| 000 -LEADER | |
|---|---|
| fixed length control field | 02884cam a2200313 a 4500 |
| 003 - CONTROL NUMBER IDENTIFIER | |
| control field | EG-GiCUC |
| 005 - DATE AND TIME OF LATEST TRANSACTION | |
| control field | 20250223031644.0 |
| 008 - FIXED-LENGTH DATA ELEMENTS--GENERAL INFORMATION | |
| fixed length control field | 170130s2016 ua f m 000 0 ara d |
| 040 ## - CATALOGING SOURCE | |
| Original cataloging agency | EG-GiCUC |
| Language of cataloging | ara |
| Transcribing agency | EG-GiCUC |
| 041 0# - LANGUAGE CODE | |
| Language code of text/sound track or separate title | ara |
| 049 ## - LOCAL HOLDINGS (OCLC) | |
| Holding library | ايداع |
| 097 ## - Thesis Degree | |
| Thesis Level | دكتوراه |
| 099 ## - LOCAL FREE-TEXT CALL NUMBER (OCLC) | |
| Classification number | Cai01.04.04.Ph.D.2016.مح.و |
| 100 0# - MAIN ENTRY--PERSONAL NAME | |
| Personal name | محمد الله بهادر |
| 245 12 - TITLE STATEMENT | |
| Title | الوضع القانونى لقوات حفظ السلام الدولى ف{u٠٦أأ} ظل التنظيم الدولي المعاصر / |
| Statement of responsibility, etc. | محمد الله بهادر ؛ اشراف أحمد أبوالوفا محمد |
| 260 ## - PUBLICATION, DISTRIBUTION, ETC. | |
| Place of publication, distribution, etc. | القاهرة : |
| Name of publisher, distributor, etc. | محمد الله بهادر |
| Date of publication, distribution, etc. | 2016 |
| 300 ## - PHYSICAL DESCRIPTION | |
| Extent | 615ص ؛ |
| Dimensions | 25سم |
| 502 ## - DISSERTATION NOTE | |
| Dissertation note | اطروحة (دكتوراه) - جامعة القاهرة - كلية الحقوق - قسم القانون الدولى العام |
| 520 ## - SUMMARY, ETC. | |
| Summary, etc. | تزامنت الفوضي والحرب مع ظهور الانسانية في وجه الارض فلا يمكن السيطرة عليها الا عن طريق استخدام الوسايل التي تحفظ الامان والسلام في الدول. وجود المصالح المتضادة والمنافع المتعارضة بين الاقوياء يهدد السلم والامن. فالدراسة قدمت بديلا تعالج هذه الظاهر الدولية المهددة بطريقة سلمية وقانونية ويتمثل في انشاء واستخدام عمليات وقوات حفظ السلام في ميدان العمل ونشرها في المناطق المتنازعة لكي تسيطر علي الاطراف المتقاتلة. طبقت الدراسة المواثيق الدولية والمنظمات الدولية والاقليمية في حل الصراعات والنزاعات وانتهت الدراسة ان تلبية حاجة المجتمعات الدولية ملحة و تتطلب تدخلات قانونية وسلمية. ولما اثبتت ان ارتباط حالت السلام بالاجراءات المقيدة والمحددة والمحكمة تساعد تحقيق الاهداف المشروعة المتغيات من تطبيق القواعد والمواثيق علي اعضاء العمليات. وبالتالي فان قوات حفظ السلام والتي تكون مستخدمة في اطار المواثيق الدولية والقانون الدولي العام مشروعة وتتمتع من شرعية دولية في اعمالها. |
| 530 ## - ADDITIONAL PHYSICAL FORM AVAILABLE NOTE | |
| Additional physical form available note | صدر ايضا كقرص مدمج |
| 653 #4 - INDEX TERM--UNCONTROLLED | |
| Uncontrolled term | السوابق السياسية للقوات |
| 653 #4 - INDEX TERM--UNCONTROLLED | |
| Uncontrolled term | المواثيق الدولية |
| 653 #4 - INDEX TERM--UNCONTROLLED | |
| Uncontrolled term | عمليات حفظ السلام |
| 700 0# - ADDED ENTRY--PERSONAL NAME | |
| Personal name | أحمد أبوالوفا محمد : |
| Relator term | |
| 856 ## - ELECTRONIC LOCATION AND ACCESS | |
| Uniform Resource Identifier | <a href="http://172.23.153.220/th.pdf">http://172.23.153.220/th.pdf</a> |
| 905 ## - LOCAL DATA ELEMENT E, LDE (RLIN) | |
| Cataloger | Nazla |
| Reviser | Revisor |
| 905 ## - LOCAL DATA ELEMENT E, LDE (RLIN) | |
| Cataloger | Soheir |
| Reviser | Cataloger |
| 942 ## - ADDED ENTRY ELEMENTS (KOHA) | |
| Source of classification or shelving scheme | Dewey Decimal Classification |
| Koha item type | Thesis |
| Source of classification or shelving scheme | Not for loan | Home library | Current library | Date acquired | Full call number | Barcode | Date last seen | Koha item type | Copy number |
|---|---|---|---|---|---|---|---|---|---|
| Dewey Decimal Classification | المكتبة المركزبة الجديدة - جامعة القاهرة | قاعة الرسائل الجامعية - الدور الاول | 11.02.2024 | Cai01.04.04.Ph.D.2016.مح.و | 01010100022902000 | 22.09.2023 | Thesis | ||
| Dewey Decimal Classification | المكتبة المركزبة الجديدة - جامعة القاهرة | مخـــزن الرســائل الجـــامعية - البدروم | 11.02.2024 | Cai01.04.04.Ph.D.2016.مح.و | 01020100022902000 | 22.09.2023 | CD - Rom | 22902.CD |